| 000 | 00370nam a2200145Ia 4500 | ||
|---|---|---|---|
| 008 | 230917s9999||||xx |||||||||||||| ||und|| | ||
| 040 |
_e40215 _aMAIN |
||
| 041 | _aEnglish | ||
| 082 | _a809.3 D625U | ||
| 100 | _aDipple, Elizabeth | ||
| 245 | 0 | _aUnresolvable plot: Reading contemporary fiction | |
| 260 |
_aNew York _bRoutledge _c1988 |
||
| 300 | _a274 p. | ||
| 942 | _cBK | ||
| 999 |
_c60803 _d60803 |
||